Państwa najbliższe Szwecji - Statystyki

Ogólne statystyki
  • Ten quiz został rozwiązany 189 razy
  • Średni wynik to 19 z 20
Statystyki odpowiedzi
km Państwo % Poprawnych
3 Dania
100%
0 Norwegia
100%
147 Estonia
99%
0 Finlandia
99%
193 Litwa
99%
141 Łotwa
99%
72 Niemcy
99%
453 Rosja
99%
153 Polska
98%
482 Czechy
96%
717 Słowacja
96%
426 Holandia
95%
709 Austria
94%
659 Belgia
94%
787 Francja
93%
733 Luksemburg
92%
878 Szwajcaria
89%
844 Węgry
86%
928 Liechtenstein
83%
921 Włochy
79%
Nie znaleziono quizów pasujących do podanych kryteriów
Rozkład punktacji
Procent ludzi z każdym wynikiem
Percentyl według liczby udzielonych odpowiedzi
Twoja historia wyników
Nie rozwiązałeś tego quizu